000 00750nam a22001817a 4500
003 OSt
005 20250924031926.0
008 250924b |||||||| |||| 00| 0 eng d
020 _a978-1-284-04702-8
040 _aDWC-Main Lib.
_cOC
100 _aHAMLIN, LYNETTE
245 _aAdvanced practice nursing :
_bcontext of care/
_cHAMLIN, LYNETTE
260 _aBurlington, MA :
_bJones & Bartlett Learning,
_cc2015.
300 _axxiii, 338 pages :
_billustrations ;
_c18 cm.
504 _aIncludes bibliographical references.
650 _a1. Advanced practice nursing--Methods--United States--Case reports. 2. Advanced practice nursing--Standards--United States--Case reports. I. Hamlin, Lynette. II. Title.
942 _2ddc
_cBK-CIRC
_hCirc.
_n0
999 _c4520
_d4520